La Juna Vivo internacia kantaro

Bibliographic Details
Format: Book
Language:Italian
PhysicalDescription:64 s.
Published: [S.l. s.n.] [1966]

MARC

LEADER 00000nam a22000005a 4500
001 vtls011746946
003 SK-MaSNL
005 20260224045459.0
008 180320i gw 000 0 ita
040 |a SNK  |b slo  |c SNK  |e AACR2 
041 |a ita 
044 |a gw  |c DE 
245 1 |a La Juna Vivo  |b internacia kantaro  |h Hudobnina 
260 |a [S.l.  |b s.n.]  |c [1966] 
300 |a 64 s. 
500 |a Hudobnina 
852 |a Slovenská národná knižnica v Martine  |b 10000  |h HSE 20 
999 |c 855442  |d 857372 
952 |a SNK  |b SNK  |y PREZ  |7 0  |p 17A1003490  |o snkHSE 20  |i snkKIP 1263/66  |3 Rekatalogizácia  |0 0  |1 0  |4 0  |d 2018-03-20  |l 0  |r 2026-02-24 04:55:00  |w 2026-02-24